<?xml version="1.0" encoding="UTF-8"?>
<record
    xmlns:xsi="http://www.w3.org/2001/XMLSchema-instance"
    xsi:schemaLocation="http://www.loc.gov/MARC21/slim http://www.loc.gov/standards/marcxml/schema/MARC21slim.xsd"
    xmlns="http://www.loc.gov/MARC21/slim">

  <leader>00859na  a2200301   4500</leader>
  <controlfield tag="001">21783</controlfield>
  <controlfield tag="003">MIRAKIL</controlfield>
  <controlfield tag="005">20181226092843.0</controlfield>
  <controlfield tag="008">170215b        tu  n0        0    0     </controlfield>
  <datafield tag="035" ind1=" " ind2=" ">
    <subfield code="a">20919</subfield>
  </datafield>
  <datafield tag="040" ind1=" " ind2=" ">
    <subfield code="a">Milas</subfield>
    <subfield code="b">tur</subfield>
    <subfield code="c">TR-AnCHP</subfield>
  </datafield>
  <datafield tag="041" ind1=" " ind2=" ">
    <subfield code="a">tur</subfield>
  </datafield>
  <datafield tag="082" ind1=" " ind2=" ">
    <subfield code="a">050</subfield>
    <subfield code="b">SOL 2002-</subfield>
  </datafield>
  <datafield tag="090" ind1=" " ind2=" ">
    <subfield code="a">050 DER 9</subfield>
  </datafield>
  <datafield tag="222" ind1=" " ind2=" ">
    <subfield code="a">Solduyu</subfield>
  </datafield>
  <datafield tag="245" ind1=" " ind2=" ">
    <subfield code="a">Solduyu dergisi</subfield>
  </datafield>
  <datafield tag="246" ind1=" " ind2=" ">
    <subfield code="a">Sol duyu dergisi</subfield>
  </datafield>
  <datafield tag="260" ind1=" " ind2=" ">
    <subfield code="a">Ankara</subfield>
    <subfield code="b">GPS Da&#x11F;&#x131;t&#x131;m</subfield>
    <subfield code="c">2002-</subfield>
  </datafield>
  <datafield tag="300" ind1=" " ind2=" ">
    <subfield code="a">c.</subfield>
    <subfield code="b">res.</subfield>
    <subfield code="c">28 sm.</subfield>
  </datafield>
  <datafield tag="362" ind1=" " ind2=" ">
    <subfield code="a">1. say&#x131; (Ocak-&#x15E;ubat 2002)-</subfield>
  </datafield>
  <datafield tag="500" ind1=" " ind2=" ">
    <subfield code="a">Mevcut say&#x131;lar: (1)	Ocak-&#x15E;ubat 2002; (2) Nisan-May&#x131;s 2002; (6)[2003]</subfield>
  </datafield>
  <datafield tag="500" ind1=" " ind2=" ">
    <subfield code="a">Siyasi dergi</subfield>
  </datafield>
  <datafield tag="650" ind1=" " ind2=" ">
    <subfield code="a">Siyaset ve y&#xF6;netim</subfield>
    <subfield code="x">S&#xFC;reli yay&#x131;nlar</subfield>
  </datafield>
  <datafield tag="651" ind1=" " ind2=" ">
    <subfield code="a">Sol ideoloji</subfield>
    <subfield code="x">S&#xFC;reli yay&#x131;nlar</subfield>
  </datafield>
  <datafield tag="651" ind1=" " ind2=" ">
    <subfield code="a">T&#xFC;rkiye</subfield>
    <subfield code="x">Siyaset ve y&#xF6;netim</subfield>
    <subfield code="y">S&#xFC;reli yay&#x131;nlar</subfield>
  </datafield>
  <datafield tag="910" ind1=" " ind2=" ">
    <subfield code="a">DERG&#x130; 9</subfield>
  </datafield>
  <datafield tag="942" ind1=" " ind2=" ">
    <subfield code="2">ddc</subfield>
    <subfield code="c">SER</subfield>
  </datafield>
  <datafield tag="952" ind1=" " ind2=" ">
    <subfield code="5">1</subfield>
    <subfield code="a">0001</subfield>
    <subfield code="b">0001</subfield>
    <subfield code="d">2017-02-07</subfield>
    <subfield code="f"> S&#xDC;REL&#x130; YAYINLAR</subfield>
    <subfield code="l">0</subfield>
    <subfield code="o">050 DER 122</subfield>
    <subfield code="p">D009</subfield>
    <subfield code="r">2017-02-07 00:00:00</subfield>
    <subfield code="v">0.00</subfield>
    <subfield code="w">2017-02-07</subfield>
    <subfield code="x"> </subfield>
    <subfield code="y">SER</subfield>
  </datafield>
  <datafield tag="999" ind1=" " ind2=" ">
    <subfield code="c">11372</subfield>
    <subfield code="d">11372</subfield>
  </datafield>
</record>
